[Event "Moja Open Prestige 2022"]
[Site "Kimberley"]
[Date "2022.03.21"]
[Round "5.5"]
[White "Sathish, Abinavah"]
[Black "Horne, Andrew H"]
[Result "0-1"]
[WhiteElo "1259"]
[BlackElo "1931"]
[Annotator "TA"]
[PlyCount "105"]
[EventDate "2022.03.19"]
[EventType "swiss"]
[EventCountry "RSA"]
[SourceTitle "playchess.com"]
[Source "ChessBase"]
[SourceQuality "1"]

{[%evp 11,105,59,56,53,35,-44,0,0,36,48,54,27,57,-96,-41,-89,-48,-112,-37,-39,-41,-93,-35,-123,-63,-54,-71,-75,-75,-97,-31,-141,-147,-227,-222,-219,-198,-213,-202,-202,-172,-304,-173,-541,-535,-528,-295,-287,-163,-193,-193,-171,-185,-183,-183,-213,-136,-154,-146,-301,-225,-424,-421,-416,-408,-389,-342,-319,-312,-305,-315,-302,-305,-760,-739,-709,-750,-947,-963,-29974,-29971,-29971,-29968,-7038,-5598,-29989,-29990,-29990,-29990,-29993,-29994,-29994,-29994,-29994,-29995,-29996]} 1. d4 f5 2. Nc3 Nf6 3. Bg5 e6 4. e4 fxe4 5. Nxe4 Be7 6. Bxf6 Bxf6 7. Qh5+ {A83: Dutch Defence: Staunton Gambit with 3 Nc3 Nf6 4 Bg5.} g6 8. Qd1 {[#]} (8. Qh6 $1 $14) 8... Nc6 $146 (8... Bg7 $15 {should be considered.}) ({Predecessor:} 8... d5 9. Ng3 c5 10. Nf3 Nc6 11. Bd3 Nxd4 12. Nxd4 Qa5+ 13. c3 cxd4 14. O-O dxc3 15. bxc3 {0-1 (58) Braun,A (1674)-Marks,U (1668) Langenhagen 2013}) 9. c3 $11 {The position is equal.} b6 10. d5 exd5 11. Qxd5 Qe7 12. Be2 $2 (12. O-O-O $14 Rf8 13. Nf3 (13. Nxf6+ Rxf6 14. Nf3 Bb7 $16)) 12... Bb7 (12... Bg7 $1 $17 13. Nf3 Bb7) 13. O-O-O (13. Nxf6+ $15 Qxf6 14. Qe4+ Qe5 15. Qd3) 13... O-O-O (13... Bg7 $1 $17 {And now ...Na5 would win.} 14. f3 O-O-O) 14. Bf3 (14. Nxf6 $15 Qxf6 15. Nf3) 14... Kb8 ({Better is} 14... Bg7 $17 {Strongly threatening ...Na5.} 15. Nh3 Rhf8) 15. Nxf6 $15 Qxf6 16. Qd2 (16. Nh3 $15) 16... Rhf8 (16... d5 $1 $17 17. Nh3 Ne5) 17. Ne2 ({White should play} 17. Nh3 $1 $15) 17... Qf7 (17... d5 $17 18. Rhe1 Ne5) 18. Kb1 Qf5+ 19. Kc1 Qc5 $36 {[%mdl 2048] Black is on the roll.} 20. Ng3 {[#]} d5 (20... Rxf3 $1 $17 21. gxf3 Ne5) 21. Rhf1 (21. Rhe1 $15) 21... Ne5 $17 {Black is more active.} 22. Kb1 (22. Be2 $17) 22... Nxf3 $19 23. gxf3 Rxf3 24. Ne4 Qc4 25. Ng5 Rf5 26. Qe3 (26. f4 {might work better.}) 26... h6 (26... Rdf8 $142 {[%cal Od5d4] Hoping for ...d4!} 27. f3 Bc8) 27. Qe7 $2 (27. Nf3 {is a better chance.}) 27... Rdf8 28. Ne6 {[#]} R5f7 {[%mdl 512]} 29. Qb4 Qxb4 (29... Re8 $142 30. Nd4 Ba6) 30. cxb4 Re8 {[%cal Bf8e8,Be8e4,Be4h4][%mdl 32]} 31. Nd4 Re4 32. f3 {[#]} Rh4 33. Rf2 c5 34. bxc5 bxc5 35. Nb5 {Now White is beyond hope.} (35. Ne6 $17 {was called for.}) 35... d4 36. Re2 $2 (36. Nd6 Rf6 37. Nxb7 Kxb7 38. Re1) 36... Bxf3 37. Re8+ Kb7 {...Kc6 is the strong threat.} 38. Nd6+ Kc6 39. Rxd4 cxd4 40. Nxf7 {[%mdl 4096] Endgame KRB-KRN} Kd5 41. Re5+ Kc4 42. Nd6+ $2 (42. Re7 Kd5 43. Re5+ Kc6 44. Kc2) 42... Kd3 43. Ra5 Rxh2 {[%cal Rh2h1]} 44. Ra3+ Ke2 {( -> ...d3)} 45. Rxa7 Rh1+ 46. Kc2 d3+ 47. Kc3 Rc1+ 48. Kd4 d2 {Black mates.} 49. Re7+ Kf1 50. Ke3 d1=Q 51. Rf7 Qxd6 52. Rxf3+ Kg1 {[%cal Rc1e1]} 53. Ke4 {Weighted Error Value: White=0.74/Black=0.30} 0-1

[Event "Moja Open Prestige 2022"]
[Site "Kimberley"]
[Date "2022.03.21"]
[Round "5.6"]
[White "Mthunzi, Clive"]
[Black "Mncwabe, Minenhle Junior"]
[Result "0-1"]
[WhiteElo "1888"]
[BlackElo "1730"]
[Annotator "NA RC"]
[PlyCount "110"]
[EventDate "2022.03.19"]
[EventType "swiss"]
[EventCountry "RSA"]
[SourceTitle "playchess.com"]
[Source "ChessBase"]
[SourceQuality "1"]
[TimeControl "5400+30"]

{[%evp 8,108,24,1,0,32767,32767,32767,32767,32767,35,12,29,0,3,8,8,4,0,0,0,0,4,0,7,0,9,9,32767,32767,0,0,32767,5,0,0,0,0,0,0,5,0,0,0,10,23,20,13,20,23,12,0,0,1,0,0,0,0,0,32767,32767,32767,32767,32767,32767,0,0,0,0,0,0,-351,-439,-1465,-4175,-6079,-6989,-6083,-29971,-29968,-29974,-29976,-29977,-29975,-29979,-29977,32767,32767,32767,32767,-29984,-29983,-29985,-29985,-29986,-29986,-29987,-29989,-29988,-29989,-29990,-29990,-29990]} 1. d4 {[%emt 1:31:00]} d5 {[%emt 1:31:00]} 2. Nf3 {[%emt 0:00:30]} Nf6 {[%emt 0:00:30]} 3. c4 {[%emt 0:00:30]} e6 {[%emt 0:00:30]} 4. Qc2 {[%emt 0:00:30]} Be7 {[%emt 0:00:30]} 5. g3 {[%emt 0:00:30]} O-O {[%emt 0:00:30]} 6. Bg2 {[%emt 0:00:30]} Nbd7 {[%emt 0:00:30]} 7. O-O {[%emt 0:00:30]} c6 {[%emt 0:00:30]} 8. Nbd2 {[%emt 0:00:30]} b6 {[%emt 0:00:30]} 9. e4 {[%emt 0:00:30]} Bb7 {[%emt 0:00:30]} 10. Re1 {[%emt 0:00:30]} dxe4 {[%emt 0:00:30]} 11. Nxe4 {[%emt 0:00:30]} c5 {[%emt 0:00:30]} 12. Nxf6+ {[%emt 0:00:30]} Nxf6 {[%emt 0:00:30]} 13. dxc5 {[%emt 0:00:30]} Bxc5 {[%emt 0:00:30]} 14. Bg5 {[%emt 0:00:30]} h6 {[%emt 0:00:30]} 15. Rad1 {[%emt 0:00:30]} Qe7 {[%emt 0:00:30]} 16. Bxf6 {[%emt 0:00:30]} Qxf6 {[%emt 0:00:30]} 17. Ne5 {[%emt 0:00:30]} Bxg2 {[%emt 0:00:30]} 18. Kxg2 {[%emt 0:00:30]} Rfd8 $1 {[%emt 0:00:30]} 19. Nd7 {[%emt 0:00:30]} Qe7 {[%emt 0:00:30]} 20. Nxc5 {[%emt 0:00:30]} Qxc5 {[%emt 0:00:30]} 21. Qa4 {[%emt 0:00:30]} Rd4 {[%emt 0:00:30]} 22. b3 {[%emt 0:00:30]} a5 {[%emt 0:00:30]} 23. Rxd4 {[%emt 0:00:30]} Qxd4 {[%emt 0:00:30]} 24. Qc6 {[%emt 0:00:30]} Rd8 {[%emt 0:00:30]} 25. Re4 {[%emt 0:00:30]} Qd6 {[%emt 0:00:30]} 26. Qxd6 {[%emt 0:00:30]} Rxd6 {[%emt 0:00:30]} 27. Re5 {[%emt 0:00:30]} Rc6 {[%emt 0:00:30]} 28. Rb5 {[%emt 0:00:30]} Kf8 {[%emt 0:00:30]} 29. c5 {[%emt 0:00:30]} Rxc5 {[%emt 0:00:30]} 30. Rxb6 {[%emt 0:00:30]} g5 {[%emt 0:00:30]} 31. h3 {[%emt 0:00:30]} h5 {[%emt 0:00:30]} 32. Rb8+ {[%emt 0:00:30]} Kg7 {[%emt 0:00:30]} 33. a3 {[%emt 0:00:30]} g4 {[%emt 0:00:30]} 34. h4 {[%emt 0:00:30]} f5 {[%emt 0:00:30]} 35. Kf1 {[%emt 0:00:30]} Kf6 {[%emt 0:00:30]} 36. Ke2 {[%emt 0:00:30]} Ke5 {[%emt 0:00:30]} 37. Kd3 {[%emt 0:00:30]} f4 {[%emt 0:00:30]} 38. gxf4+ {[%emt 0:00:30]} Kxf4 {[%emt 0:00:30]} 39. Rf8+ $2 {[%emt 0:00:30] [#]} (39. b4 $11 axb4 40. axb4 Rd5+ 41. Ke2) 39... Rf5 $1 {[%emt 0:00:30]} 40. Rxf5+ {[%emt 0:00:30]} exf5 {[%emt 0:00:30]} 41. b4 {[%emt 0:00:30]} axb4 {[%emt 0:00:30]} 42. axb4 {[#]} Ke5 $1 {[%emt 0:00:30]} ({Weaker is} 42... Kf3 43. b5 Kxf2 44. b6 $11) 43. b5 {[%emt 0:01:00] [#]} f4 $1 {[%emt 0:00:30]} 44. b6 {[%emt 0:00:30]} Kd6 {[%emt 0:00:30]} 45. Ke4 {[%emt 0:00:30] [#]} f3 $1 {[%emt 0:00:30]} (45... Kc6 46. Kxf4 g3 47. fxg3 Kxb6 48. Kg5 Kc7 49. Kxh5 Kd7 50. Kg6) 46. Ke3 {[%emt 0:00:30]} Kc6 {[%emt 0:00:30]} 47. b7 {[%emt 0:00:30]} Kxb7 {[%emt 0:00:30]} 48. Kd3 {[%emt 0:00:30]} Kc6 {[%emt 0:00:30]} 49. Ke3 {[%emt 0:00:30]} Kd5 {[%emt 0:00:30]} 50. Kd3 {[%emt 0:00:30]} Ke5 {[%emt 0:00:30]} 51. Ke3 Kf5 {[%emt 0:00:30]} 52. Kd2 {[%emt 0:01:00]} Kf4 {[%emt 0:00:30]} 53. Ke1 {[%emt 0:00:30]} g3 {[%emt 0:00:30]} 54. fxg3+ {[%emt 0:00:30]} Kxg3 {[%emt 0:00:30]} 55. Kf1 f2 {[%emt 0:00:30]} 0-1

[Event "Moja Open Prestige 2022"]
[Site "Kimberley"]
[Date "2022.03.21"]
[Round "5.7"]
[White "Palmer, Reegan"]
[Black "Makhosonke, Kuhlase Matthiolus"]
[Result "1/2-1/2"]
[WhiteElo "1572"]
[BlackElo "1787"]
[Annotator "NA"]
[PlyCount "90"]
[EventDate "2022.03.19"]
[EventType "swiss"]
[EventCountry "RSA"]
[SourceTitle "playchess.com"]
[Source "ChessBase"]
[SourceQuality "1"]
[TimeControl "5400+30"]

1. c4 {[%emt 1:31:00]} e5 {[%emt 1:31:00]} 2. Nc3 {[%emt 0:00:30]} Nc6 {[%emt 0:00:30]} 3. g3 {[%emt 0:00:30]} f5 {[%emt 0:00:30]} 4. Bg2 {[%emt 0:00:30]} Nf6 {[%emt 0:00:30]} 5. e3 {[%emt 0:00:30]} g6 {[%emt 0:00:30]} 6. Nge2 {[%emt 0:00:30]} Bg7 {[%emt 0:00:30]} 7. d4 {[%emt 0:00:30]} d6 {[%emt 0:00:30]} 8. O-O {[%emt 0:00:30]} O-O {[%emt 0:00:30]} 9. Rb1 {[%emt 0:00:30]} a5 {[%emt 0:00:30]} 10. a3 {[%emt 0:00:30]} e4 {[%emt 0:00:30]} 11. f3 {[%emt 0:00:30]} Qe7 {[%emt 0:00:30]} 12. fxe4 {[%emt 0:00:30]} fxe4 {[%emt 0:00:30]} 13. Nf4 {[%emt 0:00:30]} Nd8 {[%emt 0:00:30]} 14. Nfd5 {[%emt 0:00:30]} Qf7 {[%emt 0:00:30]} 15. Nxf6+ {[%emt 0:00:30]} Bxf6 {[%emt 0:00:30]} 16. Nxe4 {[%emt 0:00:30]} Qg7 {[%emt 0:00:30]} 17. Nxf6+ {[%emt 0:00:30]} Rxf6 {[%emt 0:00:30]} 18. b3 {[%emt 0:00:30]} Bf5 {[%emt 0:00:30]} 19. e4 {[%emt 0:00:30]} Bd7 {[%emt 0:00:30]} 20. Bb2 {[%emt 0:00:30]} Rxf1+ {[%emt 0:00:30]} 21. Qxf1 {[%emt 0:00:30]} Nc6 {[%emt 0:00:30]} 22. Qd3 {[%emt 0:00:30]} Rf8 {[%emt 0:00:30]} 23. Re1 {[%emt 0:00:30]} Qf7 {[%emt 0:00:30]} 24. Qe3 {[%emt 0:00:30]} a4 {[%emt 0:00:30]} 25. d5 {[%emt 0:00:30]} Ne5 {[%emt 0:00:30]} 26. Bxe5 {[%emt 0:00:30]} dxe5 {[%emt 0:00:30]} 27. b4 {[%emt 0:00:30]} c6 {[%emt 0:00:30]} 28. Rf1 {[%emt 0:00:30]} Qe7 {[%emt 0:00:30]} 29. Rxf8+ {[%emt 0:00:30]} Kxf8 {[%emt 0:00:30]} 30. Qb6 {[%emt 0:00:30]} Qg5 {[%emt 0:00:30]} 31. Qf2+ {[%emt 0:00:30]} Kg7 {[%emt 0:00:30]} 32. Bf1 {[%emt 0:00:30]} Qc1 {[%emt 0:00:30]} 33. Qf3 {[%emt 0:00:30]} Bh3 {[%emt 0:00:30]} 34. d6 {[%emt 0:00:30]} Bxf1 {[%emt 0:00:30]} 35. Qxf1 {[%emt 0:00:30]} Qxa3 {[%emt 0:00:30]} 36. Qd1 {[%emt 0:00:30]} Qe3+ {[%emt 0:00:30]} 37. Kf1 {[%emt 0:00:30]} Qb3 38. Ke1 {[%emt 0:00:30]} Qxb4+ {[%emt 0:01:00]} 39. Qd2 {[%emt 0:00:30]} Qb1+ {[%emt 0:00:30]} 40. Kf2 {[%emt 0:00:30]} Qh1 {[%emt 0:00:30]} 41. Ke3 {[%emt 0:00:30]} Qg1+ {[%emt 0:00:30]} 42. Kf3 {[%emt 0:00:30]} Qh1+ {[%emt 0:00:30]} 43. Ke3 {[%emt 0:00:30]} Qg1+ {[%emt 0:00:30]} 44. Ke2 {[%emt 0:00:30]} Qxh2+ {[%emt 0:00:30]} 45. Kd1 Qxd2+ {[%emt 0:00:30]} 1/2-1/2

[Event "Moja Open Prestige 2022"]
[Site "Kimberley"]
[Date "2022.03.21"]
[Round "5.8"]
[White "Willenberg, Kenneth Sean"]
[Black "Van Zyl, Charlize"]
[Result "1/2-1/2"]
[WhiteElo "1945"]
[BlackElo "1691"]
[Annotator "TA"]
[PlyCount "101"]
[EventDate "2022.03.19"]
[EventType "swiss"]
[EventCountry "RSA"]
[SourceTitle "playchess.com"]
[Source "ChessBase"]
[SourceQuality "1"]

{[%evp 9,101,-7,18,-16,-16,-20,64,8,8,4,8,0,20,18,45,45,88,37,46,38,70,-13,125,25,27,0,-6,-12,49,41,49,16,20,0,53,0,0,0,8,-21,0,0,6,10,32,30,41,7,10,0,1,4,16,-43,-26,-77,0,0,0,-76,-5,-8,-21,-6,0,0,0,0,0,0,0,0,0,0,0,0,0,0,0,0,0,0,0,0,0,-114,-114,-120,-113,-136,0,0,0,-160]} 1. e4 c6 2. Nc3 d5 3. d3 d4 4. Nce2 e5 5. g3 Bg4 6. Bg2 {B11: Caro-Kann: Two Knights Variation.} Bb4+ 7. Bd2 {[#]} Qa5 $146 (7... Bxd2+ $1 $11 8. Qxd2 Nf6) ({Predecessor:} 7... Bxd2+ 8. Qxd2 c5 9. f4 Bxe2 10. Nxe2 Nc6 11. O-O Nf6 12. h3 Nd7 13. f5 h5 {1-0 (64) Muhammad,S-Cano Ortega,F (1672) Llinars del Valles 2016}) 8. a3 ({White should play} 8. c3 $1 $14 dxc3 9. bxc3) 8... Bxd2+ $11 9. Qxd2 Qxd2+ 10. Kxd2 c5 11. f4 Nc6 12. h3 (12. b4 {seems wilder.} c4 13. dxc4 Nf6 14. Kd3 O-O-O 15. Nh3) 12... Bd7 (12... Bxe2 $14 {was preferrable.} 13. Nxe2 Nf6) 13. fxe5 (13. Nf3 $16) 13... Nxe5 $14 14. Nf3 f6 15. c3 (15. b4 $14) 15... Bb5 (15... dxc3+ $11 16. bxc3 (16. Kxc3 Ne7 $11) 16... O-O-O) 16. Nf4 (16. cxd4 $16 Nxd3 17. Nc3) 16... dxc3+ $11 17. Kxc3 {Threatens to win with Ne6.} O-O-O {[%cal Re5d3]} 18. Rhd1 b6 ({Black should try} 18... Ne7 $11) 19. a4 $14 Bc6 20. b4 cxb4+ 21. Kxb4 Rd6 (21... Bb7 $11) 22. Ne1 (22. d4 $14 a5+ 23. Kb3 Nxf3 24. Bxf3) 22... Ne7 $11 23. d4 N5g6 24. Ne2 Re8 25. Nc3 Bb7 {[%cal Od6d4]} 26. Nb5 {[%csl LRa7,LRd6]} a5+ 27. Ka3 Rd7 28. h4 {Strongly threatening Bh3.} Kb8 29. Rab1 Nc8 30. h5 Nf8 31. Nc3 (31. d5 $11) 31... Nd6 $15 32. Bf1 (32. Rb3 $11 {keeps the balance.}) 32... Ka7 (32... Rc7 $5 {[%cal Rc7c3]} 33. Rb3 Nxe4 34. Nxe4 Rxe4 35. Rxb6 Ne6 $17) 33. Nb5+ Kb8 34. Nc3 Nxe4 (34... Rc7 $1 $17 {[%cal Rc7c3]} 35. Rb3 Nxe4 36. Nxe4 Rxe4 37. Rxb6 Ne6) 35. Nxe4 $11 Rxe4 36. Rxb6 Rdxd4 37. Rxd4 Rxd4 38. Bg2 Rd7 39. h6 gxh6 40. Rxf6 Bxg2 41. Rxf8+ Kc7 42. Nxg2 {[%mdl 4096] Endgame aiming for Nf4. KRN-KR} Rd3+ 43. Kb2 Rd2+ 44. Kc3 $1 Rxg2 {KR-KR} 45. Kc4 Rxg3 46. Rf6 Rg4+ 47. Kb5 (47. Kc3 $11) 47... Rg5+ $17 48. Kc4 {[#]} h5 $1 49. Rh6 {[#]} Rg4+ ({Better is} 49... Kd7 $1 $17 {...Ke7 is the strong threat.} 50. Kd4 Ke7) 50. Kb5 $1 $11 Rg5+ $2 (50... h4 $11) 51. Kc4 {Weighted Error Value: White=0.24 (precise) /Black=0.24 (precise)} 1/2-1/2

[Event "Moja Open Prestige 2022"]
[Site "Kimberley"]
[Date "2022.03.21"]
[Round "5.10"]
[White "Laubscher, Anzel"]
[Black "Grobbelaar, Jacqui"]
[Result "1/2-1/2"]
[WhiteElo "1718"]
[BlackElo "1522"]
[Annotator "NA RC"]
[PlyCount "75"]
[EventDate "2022.03.19"]
[EventType "swiss"]
[EventCountry "RSA"]
[SourceTitle "playchess.com"]
[Source "ChessBase"]
[SourceQuality "1"]
[TimeControl "5400+30"]

1. d4 {[%emt 1:31:00]} d5 {[%emt 1:31:00]} 2. c4 {[%emt 0:00:30]} e6 {[%emt 0:00:30]} 3. Nc3 {[%emt 0:00:30]} Nf6 {[%emt 0:00:30]} 4. Bg5 {[%emt 0:00:30]} c6 {[%emt 0:00:30]} 5. Nf3 {[%emt 0:00:30]} Nbd7 {[%emt 0:00:30]} 6. e3 {[%emt 0:00:30]} Qa5 {[%emt 0:00:30]} 7. Bxf6 {[%emt 0:00:30]} Nxf6 {[%emt 0:00:30]} 8. Bd3 {[%emt 0:00:30]} dxc4 {[%emt 0:00:30]} 9. Bxc4 {[%emt 0:00:30]} Nd5 {[%emt 0:00:30]} 10. Qc2 {[%emt 0:00:30]} Nxc3 {[%emt 0:00:30]} 11. bxc3 {[%emt 0:00:30]} Bd6 {[%emt 0:00:30]} 12. O-O {[%emt 0:00:30]} Qh5 {[%emt 0:00:30]} 13. Be2 {[%emt 0:00:30]} Qh6 {[%emt 0:00:30]} 14. g3 {[%emt 0:00:30]} b6 {[%emt 0:00:30]} 15. Nd2 {[%emt 0:00:30]} Bb7 {[%emt 0:00:30]} 16. Bf3 {[%emt 0:00:30]} O-O {[%emt 0:00:30]} 17. c4 {[%emt 0:00:30]} Rfc8 {[%emt 0:00:30]} 18. Rfb1 {[%emt 0:00:30]} b5 {[%emt 0:00:30]} 19. c5 {[%emt 0:00:30]} Bc7 {[%emt 0:00:30]} 20. Rxb5 {[%emt 0:00:30]} Ba6 {[%emt 0:00:30]} 21. Rb2 {[%emt 0:00:30]} e5 {[%emt 0:00:30]} 22. d5 {[%emt 0:00:30]} e4 {[%emt 0:00:30]} 23. Nxe4 {[%emt 0:00:30]} Be5 {[%emt 0:00:30]} 24. Nd6 {[%emt 0:00:30]} Bxb2 {[%emt 0:00:30]} 25. Qxb2 {[%emt 0:00:30]} Rab8 {[%emt 0:00:30]} 26. Qe5 {[%emt 0:00:30]} Rc7 {[%emt 0:00:30]} 27. dxc6 {[%emt 0:00:30]} Qe6 {[%emt 0:00:30]} 28. Qxe6 {[%emt 0:00:30]} fxe6 {[%emt 0:00:30]} 29. Rd1 {[%emt 0:00:30]} Kf8 {[%emt 0:00:30]} 30. Nb7 {[%emt 0:00:30]} Ke7 {[%emt 0:00:30]} 31. a4 {[%emt 0:00:30]} Bxb7 {[%emt 0:00:30]} 32. cxb7 {[%emt 0:00:30]} Rxc5 {[%emt 0:00:30]} 33. Rd4 {[%emt 0:00:30]} e5 {[%emt 0:00:30]} 34. Rh4 {[%emt 0:00:30]} h6 {[%emt 0:00:30]} 35. Rg4 {[%emt 0:00:30]} Kf6 {[%emt 0:00:30]} 36. Rb4 {[%emt 0:00:30]} Ke6 {[%emt 0:00:30]} 37. Rg4 {[%emt 0:00:30]} Kf6 {[%emt 0:00:30]} 38. Rb4 {[%emt 0:00:30]} 1/2-1/2

[Event "Moja Open Prestige 2022"]
[Site "Kimberley"]
[Date "2022.03.21"]
[Round "6.2"]
[White "Horne, Andrew H"]
[Black "Simpson, Michael M"]
[Result "0-1"]
[WhiteElo "1931"]
[BlackElo "1995"]
[Annotator "NA"]
[PlyCount "66"]
[EventDate "2022.03.19"]
[EventType "swiss"]
[EventCountry "RSA"]
[SourceTitle "playchess.com"]
[Source "ChessBase"]
[SourceQuality "1"]
[TimeControl "5400+30"]

1. f4 {[%emt 0:00:46]} c5 {[%emt 0:03:33]} 2. Nf3 {[%emt 0:01:40]} Nc6 {[%emt 0:01:02]} 3. e3 {[%emt 0:00:37]} d5 {[%emt 0:05:19]} 4. Bb5 {[%emt 0:00:28]} Bg4 {[%emt 0:03:01]} 5. O-O {[%emt 0:00:14]} Nf6 {[%emt 0:03:09]} 6. d3 {[%emt 0:02:38]} Qc7 {[%emt 0:05:47]} 7. Nbd2 {[%emt 0:06:21]} Nd7 {[%emt 0:13:03]} 8. h3 {[%emt 0:06:03]} Bxf3 {[%emt 0:00:21]} 9. Nxf3 {[%emt 0:00:22]} g6 {[%emt 0:05:10]} 10. Qe1 {[%emt 0:18:00]} Bg7 {[%emt 0:00:55]} 11. c3 {[%emt 0:04:00]} a6 {[%emt 0:01:38]} 12. Bxc6 {[%emt 0:00:06]} Qxc6 {[%emt 0:00:38]} 13. Qf2 {[%emt 0:01:05]} b5 {[%emt 0:08:34]} 14. Bd2 {[%emt 0:07:33]} O-O {[%emt 0:06:23]} 15. Qh4 {[%emt 0:03:22]} Rae8 {[%emt 0:05:37]} 16. e4 {[%emt 0:03:45]} dxe4 {[%emt 0:03:16]} 17. dxe4 {[%emt 0:00:03]} Bf6 {[%emt 0:12:51]} 18. Ng5 {[%emt 0:07:16]} Bxg5 {[%emt 0:00:08]} 19. fxg5 {[%emt 0:00:03]} f6 {[%emt 0:02:13]} 20. Rae1 {[%emt 0:05:24]} Ne5 {[%emt 0:00:35]} 21. Qg3 {[%emt 0:10:37]} Rd8 {[%emt 0:01:05]} 22. Bf4 {[%emt 0:03:18]} Nd3 {[%emt 0:00:55]} 23. gxf6 {[%emt 0:00:53]} exf6 {[%emt 0:00:52]} 24. Bh6 {[%emt 0:03:46]} Rf7 {[%emt 0:05:14]} 25. Re2 {[%emt 0:03:45]} Qe6 {[%emt 0:01:41]} 26. b3 {[%emt 0:04:43]} c4 {[%emt 0:02:36]} 27. Rd1 {[%emt 0:01:01]} Rfd7 {[%emt 0:00:16]} 28. Re3 {[%emt 0:01:39]} Ne5 {[%emt 0:02:38]} 29. Rde1 {[%emt 0:01:43]} cxb3 {[%emt 0:00:23]} 30. axb3 {[%emt 0:00:27]} Qxb3 {[%emt 0:00:15]} 31. h4 {[%emt 0:00:41]} Rd3 {[%emt 0:01:13]} 32. Qh3 {[%emt 0:02:26]} Rxe3 {[%emt 0:01:07]} 33. Rxe3 {[%emt 0:00:13]} Qd1+ {[%emt 0:00:15]} 0-1

[Event "Moja Open Prestige 2022"]
[Site "Kimberley"]
[Date "2022.03.21"]
[Round "6.3"]
[White "Mathebula, Xolani Cebo"]
[Black "Karsten, Jan"]
[Result "1-0"]
[WhiteElo "1752"]
[BlackElo "1679"]
[Annotator "NA"]
[PlyCount "53"]
[EventDate "2022.03.19"]
[EventType "swiss"]
[EventCountry "RSA"]
[SourceTitle "playchess.com"]
[Source "ChessBase"]
[SourceQuality "1"]
[TimeControl "5400+30"]

1. e4 {[%emt 0:15:23]} e6 {[%emt 0:00:49]} 2. d4 {[%emt 0:01:08]} d5 {[%emt 0:00:01]} 3. Nc3 {[%emt 0:00:12]} Bb4 {[%emt 0:00:21]} 4. exd5 {[%emt 0:00:16]} exd5 {[%emt 0:00:04]} 5. Bd3 {[%emt 0:00:27]} Nf6 {[%emt 0:00:19]} 6. Nge2 {[%emt 0:00:06]} O-O {[%emt 0:00:19]} 7. Bg5 {[%emt 0:00:19]} c6 {[%emt 0:00:15]} 8. Qd2 {[%emt 0:00:17]} Be7 {[%emt 0:00:46]} 9. f3 {[%emt 0:00:57]} Nbd7 {[%emt 0:01:37]} 10. h4 {[%emt 0:06:39]} Re8 {[%emt 0:01:09]} 11. O-O-O {[%emt 0:00:12]} b5 {[%emt 0:01:02]} 12. Ng3 {[%emt 0:01:57]} a5 {[%emt 0:01:24]} 13. Nf5 {[%emt 0:00:10]} Bf8 {[%emt 0:00:12]} 14. g4 {[%emt 0:00:20]} a4 {[%emt 0:01:06]} 15. h5 {[%emt 0:00:46]} b4 {[%emt 0:01:54]} 16. Ne2 {[%emt 0:00:16]} Qb6 {[%emt 0:06:45]} 17. Bf4 {[%emt 0:04:09]} c5 {[%emt 0:08:58]} 18. g5 {[%emt 0:01:18]} c4 {[%emt 0:02:08]} 19. gxf6 {[%emt 0:00:42]} Nxf6 {[%emt 0:06:53]} 20. Be5 {[%emt 0:04:08]} cxd3 {[%emt 0:16:15]} 21. Qxd3 {[%emt 0:02:02]} b3 {[%emt 0:03:07]} 22. a3 {[%emt 0:06:07]} Ba6 {[%emt 0:01:37]} 23. Qd2 {[%emt 0:00:15]} bxc2 {[%emt 0:00:23]} 24. Rdg1 {[%emt 0:01:04]} Bxa3 {[%emt 0:07:00]} 25. Rxg7+ {[%emt 0:00:21]} Kh8 {[%emt 0:38:36]} 26. Rxh7+ {[%emt 0:00:21]} Kg8 {[%emt 0:00:30]} 27. Rg7+ 1-0

[Event "Moja Open Prestige 2022"]
[Site "Kimberley"]
[Date "2022.03.21"]
[Round "6.4"]
[White "Mncwabe, Minenhle Junior"]
[Black "Makhosonke, Kuhlase Matthiolus"]
[Result "1-0"]
[WhiteElo "1730"]
[BlackElo "1787"]
[Annotator "NA"]
[PlyCount "101"]
[EventDate "2022.03.19"]
[EventType "swiss"]
[EventCountry "RSA"]
[SourceTitle "playchess.com"]
[Source "ChessBase"]
[SourceQuality "1"]
[TimeControl "5400+30"]

1. Nf3 {[%emt 1:31:00]} Nf6 {[%emt 1:31:00]} 2. c4 e6 {[%emt 0:00:30]} 3. g3 {[%emt 0:01:00]} b6 {[%emt 0:00:30]} 4. Bg2 {[%emt 0:00:30]} Bb7 {[%emt 0:00:30]} 5. O-O {[%emt 0:00:30]} c5 {[%emt 0:00:30]} 6. b3 {[%emt 0:00:30]} d5 {[%emt 0:00:30]} 7. cxd5 {[%emt 0:00:30]} exd5 {[%emt 0:00:30]} 8. d4 {[%emt 0:00:30]} Be7 {[%emt 0:00:30]} 9. Bb2 {[%emt 0:00:30]} O-O {[%emt 0:00:30]} 10. Nbd2 {[%emt 0:00:30]} Nbd7 {[%emt 0:00:30]} 11. Rc1 {[%emt 0:00:30]} Rc8 {[%emt 0:00:30]} 12. Nh4 {[%emt 0:00:30]} g6 {[%emt 0:00:30]} 13. Nhf3 {[%emt 0:00:30]} Ne4 {[%emt 0:00:30]} 14. dxc5 {[%emt 0:00:30]} Ndxc5 {[%emt 0:00:30]} 15. Nd4 {[%emt 0:00:30]} Bf6 {[%emt 0:00:30]} 16. b4 {[%emt 0:00:30]} Nxd2 {[%emt 0:00:30]} 17. Qxd2 {[%emt 0:00:30]} Ne4 {[%emt 0:00:30]} 18. Qd3 {[%emt 0:00:30]} Qe7 {[%emt 0:00:30]} 19. a3 {[%emt 0:00:30]} Bg5 {[%emt 0:00:30]} 20. f4 {[%emt 0:00:30]} Bf6 {[%emt 0:00:30]} 21. Bh3 {[%emt 0:00:30]} Rxc1 {[%emt 0:00:30]} 22. Rxc1 {[%emt 0:00:30]} Nd6 {[%emt 0:00:30]} 23. Nc6 {[%emt 0:00:30]} Bxc6 {[%emt 0:00:30]} 24. Bxf6 {[%emt 0:00:30]} Qxf6 {[%emt 0:00:30]} 25. Rxc6 {[%emt 0:00:30]} Qa1+ {[%emt 0:00:30]} 26. Bf1 {[%emt 0:00:30]} Nc4 {[%emt 0:00:30]} 27. e4 {[%emt 0:00:30]} Re8 {[%emt 0:00:30]} 28. e5 {[%emt 0:00:30]} Qxa3 {[%emt 0:00:30]} 29. Qxa3 {[%emt 0:00:30]} Nxa3 {[%emt 0:00:30]} 30. Bd3 {[%emt 0:00:30]} Nc4 {[%emt 0:00:30]} 31. Bxc4 {[%emt 0:00:30]} dxc4 {[%emt 0:00:30]} 32. b5 {[%emt 0:00:30]} Rd8 {[%emt 0:00:30]} 33. Rxc4 {[%emt 0:00:30]} Rd1+ {[%emt 0:00:30]} 34. Kg2 {[%emt 0:00:30]} Rd2+ {[%emt 0:00:30]} 35. Kg1 {[%emt 0:00:30]} Rb2 {[%emt 0:00:30]} 36. Rc7 {[%emt 0:00:30]} Rxb5 {[%emt 0:00:30]} 37. Rxa7 {[%emt 0:00:30]} Rb2 {[%emt 0:00:30]} 38. Rb7 {[%emt 0:00:30]} b5 {[%emt 0:00:30]} 39. h3 {[%emt 0:00:30]} h5 {[%emt 0:00:30]} 40. Kf1 {[%emt 0:00:30]} b4 {[%emt 0:00:30]} 41. g4 {[%emt 0:00:30]} h4 {[%emt 0:00:30]} 42. f5 {[%emt 0:00:30]} g5 {[%emt 0:00:30]} 43. f6 {[%emt 0:00:30]} b3 {[%emt 0:00:30]} 44. Rb8+ {[%emt 0:00:30]} Kh7 {[%emt 0:00:30]} 45. e6 {[%emt 0:00:30]} Rb1+ {[%emt 0:00:30]} 46. Kf2 {[%emt 0:00:30]} Rb2+ {[%emt 0:00:30]} 47. Kf3 {[%emt 0:00:30]} Rh2 {[%emt 0:00:30]} 48. exf7 {[%emt 0:00:30]} Rxh3+ {[%emt 0:00:30]} 49. Ke4 {[%emt 0:00:30]} Rg3 {[%emt 0:00:30]} 50. f8=Q {[%emt 0:00:30]} Rxg4+ {[%emt 0:00:30]} 51. Ke5 {[%emt 0:00:30]} 1-0